The consequences of Eastern enlargement of the European Union in stages /
Saved in:
| Main Author: | |
|---|---|
| Corporate Author: | |
| Other Authors: | |
| Format: | Book |
| Language: | English |
| Published: |
Florence :
European University Institute,
[1997]
|
| Series: | EUI working paper. RSC ;
no. 97/51. |
| Subjects: | |
| Tags: |
Add Tag
No Tags, Be the first to tag this record!
|
| LEADER | 01304cam a2200313Ia 4500 | ||
|---|---|---|---|
| 001 | 007733169-9 | ||
| 005 | 20020606104010.5 | ||
| 008 | 980203s1997 it b 000 0 eng d | ||
| 035 | 0 | |a ocm38306313 | |
| 040 | |a IUL |c IUL |d CGU |d HLS | ||
| 043 | |a e------ |a ee----- |a ec----- | ||
| 050 | 1 | 4 | |a D1060 |b .E73 no.97/51 |
| 090 | |a D1060 |b .E73 no.97/51 | ||
| 100 | 2 | |a Senior Nello, Susan. | |
| 245 | 1 | 4 | |a The consequences of Eastern enlargement of the European Union in stages / |c Susan Senior Nello and Karen E. Smith. |
| 260 | |a Florence : |b European University Institute, |c [1997] | ||
| 300 | |a 83 p. ; |c 22 cm. | ||
| 490 | 1 | |a EUI working paper. RSC ; |v no. 97/51 | |
| 500 | |a "October 1997"--T.p. verso. | ||
| 500 | |a At head of title: European University Institute, Florence, Robert Schuman Centre. | ||
| 504 | |a Includes bibliographical references (p. 56-64). | ||
| 610 | 2 | 0 | |a European Union |z Europe, Eastern. |
| 610 | 2 | 0 | |a European Union |z Europe, Central. |
| 700 | 1 | |a Smith, Karen Elizabeth. | |
| 710 | 2 | |a Robert Schuman Centre. | |
| 776 | 0 | 8 | |i Online version: |a Senior Nello, Susan. |t Consequences of Eastern enlargement of the European Union in stages. |d Florence : European University Institute, [1997] |w (OCoLC)654554207 |
| 830 | 0 | |a EUI working paper. |p RSC ; |v no. 97/51. | |
| 988 | |a 20020608 | ||
| 906 | |0 OCLC | ||


